| 000 | 01203nam a22002417a 4500 | ||
|---|---|---|---|
| 003 | OSt | ||
| 005 | 20260128094741.0 | ||
| 008 | 230630b ||||| |||| 00| 0 eng d | ||
| 040 | _cSSBUL | ||
| 041 | _ashan | ||
| 082 | _a294.307 | ||
| 100 |
_aရႃႇႁူႉလႃႇ၊ ဝၽေႃးလ _cၸဝ်ႈ _926651 |
||
| 245 |
_aဢၼ်ပုတ်ႉထၸဝ်ႈသင်ႇသွၼ် / _cၸဝ်ႈရႃႇႁူႉလႃႇဝၽေႃးလ၊ ပိၼ်ႇတႅမ်ႈ- ၸဝ်ႈသြႃႇဝိသုတ်ႉထ |
||
| 260 |
_aတႃႈၵုင်ႈ _bၵတ်း _c2005 |
||
| 300 |
_axiv၊ 141 ၼႃႈ _c22 ၸိၼ်ႇထီႇ |
||
| 500 | _aပႃးပပ်ႉၸဝ်ႈတႃႇၼႁင်းၶေႃတွၵ်ႉတိူဝ်ႇၸၢႆးဢွင်ႇထုၼ်း၊ မၢႆ- 1725 | ||
| 500 | _a S-SAT: Dr. Prof Sai Aung Tun | ||
| 504 | _aပပ်ႉၵဝ်ႉငဝ်ႈ- What The Buddha Taught by BHANTE WALPOLA RAHULA | ||
| 650 |
_aလဵပ်ႈႁဵၼ်းလွင်ႈပုတ်ႉထၽႃႇသႃလႄႈၶေႃႈသင်ႇသွၼ်မၼ်း _927066 |
||
| 942 | _cBK | ||
| 942 | _2ddc | ||
| 942 | _2ddc | ||
| 999 |
_c26567 _d26567 |
||